Datum a čas kvízu
34.5
Celkem bodů
Celkový počet nahraných bodů na tomto kvízu bez doplňovacích otázek.
1.
Pořadí na kvízu
Konečné umístění týmu na tomto kvízu.
Zaznamenané odpovědi
| # | Otázka | Odpověď | Body | Výsledky |
|---|---|---|---|---|
| 1. | V úterý byl odvolán ředitel je... | Česká televize (ČT), Jan Souček | 1 | |
| 2. | Na pozemku u bratislavského le... | Sbohem (Zbohom) Fico | 0 | |
| 3. | Minulý týden vyšlo album Ostra... | Michal Prokop | 1 | |
| 4. | Filipínské a americké vojenské... | D) Předčasné samovolné potopení filipínské lodi. | 0 | |
| 5. | Tři minuty a 57 sekund. Přesně... | Španělsko | 1 | |
| 6. | Podíváme se na historické udál... | Pouštní bouře | 1 | |
| 7. | Seřaďte chronologicky tyto pol... | 1D 2A 3B 4C | 0 | |
| 8. | V České republice vystoupila o... | D | 1 | |
| 9. | Ve kterém roce vstoupila Česká... | v roce 2004, Vladimír Špidla | 1 | |
| 10. | Uveďte název města, kde byla p... | Turín; Nagano | 0.5 |